Office of population censuses and survey division : handbook for interviewers (Record no. 410455)

000 -LEADER
fixed length control field 00564cam a22001577a 4500
008 - FIXED-LENGTH DATA ELEMENTS--GENERAL INFORMATION
fixed length control field 180718b1971 xxu||||| |||| 00| 0 eng d
020 ## - INTERNATIONAL STANDARD BOOK NUMBER
International Standard Book Number 11 700050 7
082 ## - DEWEY DECIMAL CLASSIFICATION NUMBER
Classification number I5515x42 Un3
100 ## - MAIN ENTRY--PERSONAL NAME
Personal name Atkinson, Jean
245 ## - TITLE STATEMENT
Title Office of population censuses and survey division : handbook for interviewers
Statement of responsibility, etc. by Jean Atkinson
260 ## - PUBLICATION, DISTRIBUTION, ETC.
Place of publication, distribution, etc. London
Name of publisher, distributor, etc. Her Majestry's Stationery
Date of publication, distribution, etc. 1971
300 ## - PHYSICAL DESCRIPTION
Extent 170p
650 ## - SUBJECT ADDED ENTRY--TOPICAL TERM
Topical term or geographic name entry element Public welfare -- Great Britain
650 ## - SUBJECT ADDED ENTRY--TOPICAL TERM
Topical term or geographic name entry element Family -- Great Britain -- Case studies
650 ## - SUBJECT ADDED ENTRY--TOPICAL TERM
Topical term or geographic name entry element Single - parent families -- Great Britain -- Case studies
Holdings
Withdrawn status Lost status Damaged status Not for loan Permanent Location Current Location Date acquired Full call number Barcode Date last seen Price effective from Koha item type
        Indian Institute of Public Administration Indian Institute of Public Administration 2009-01-19 I5515x42 Un3 DA4053 2018-07-21 2018-07-21 DA

Powered by Koha